<?xml version="1.0" encoding="UTF-8"?>
<marc:record xmlns:marc="http://www.loc.gov/MARC21/slim">
   <marc:leader>00000nam a2200000 a 4500</marc:leader>
   <marc:datafield ind1="1" ind2=" " tag="100">
      <marc:subfield code="a">Arnbom, Marie-Theres</marc:subfield>
      <marc:subfield code="4">ctb</marc:subfield>
      <marc:subfield code="e">Mitwirkende/-r</marc:subfield>
   </marc:datafield>
   <marc:datafield ind1="1" ind2=" " tag="100">
      <marc:subfield code="a">Clarke, Kevin</marc:subfield>
      <marc:subfield code="4">ctb</marc:subfield>
      <marc:subfield code="e">Mitwirkende/-r</marc:subfield>
   </marc:datafield>
   <marc:datafield ind1="1" ind2=" " tag="100">
      <marc:subfield code="a">Trabitsch, Thomas</marc:subfield>
      <marc:subfield code="4">ctb</marc:subfield>
      <marc:subfield code="e">Mitwirkende/-r</marc:subfield>
   </marc:datafield>
   <marc:datafield ind1=" " ind2=" " tag="653">
      <marc:subfield code="a">Geschichte</marc:subfield>
   </marc:datafield>
   <marc:datafield ind1=" " ind2=" " tag="653">
      <marc:subfield code="a">Operette</marc:subfield>
   </marc:datafield>
   <marc:datafield ind1=" " ind2=" " tag="653">
      <marc:subfield code="a">Aufsatzsammlung</marc:subfield>
   </marc:datafield>
   <marc:datafield ind1=" " ind2=" " tag="653">
      <marc:subfield code="a">Konferenzschrift</marc:subfield>
   </marc:datafield>
   <marc:datafield ind1="0" ind2="0" tag="245">
      <marc:subfield code="a">Welt der Operette</marc:subfield>
   </marc:datafield>
   <marc:datafield ind1="0" ind2="0" tag="245">
      <marc:subfield code="b">Glamour, Stars und Showbusiness ; anlässlich der Ausstellung Welt der Operette, Glamour, Stars und Showbusiness, Österreichisches Theatermuseum Wien, 2.2. - 24.9.2012 ; Deutsches Theatermuseum, München, 17.10.2012 - 10.3. 2013</marc:subfield>
   </marc:datafield>
   <marc:datafield ind1="0" ind2="0" tag="245">
      <marc:subfield code="c">Marie-Theres Arnbom ; Kevin Clarke ; Thomas Trabitsch</marc:subfield>
   </marc:datafield>
   <marc:datafield ind1=" " ind2="1" tag="264">
      <marc:subfield code="a">Wien</marc:subfield>
      <marc:subfield code="b">Brandstätter</marc:subfield>
      <marc:subfield code="c">2011</marc:subfield>
   </marc:datafield>
   <marc:datafield ind1=" " ind2=" " tag="250">
      <marc:subfield code="a">1. Aufl.</marc:subfield>
   </marc:datafield>
   <marc:datafield ind1="1" ind2=" " tag="520">
      <marc:subfield code="a">Angaben aus der Verlagsmeldung

Die Welt der Operette : Frivol, erotisch und modern / von Marie-Theres Arnbom, Kevin Clarke

Heute strömen die Besucher ins Kino, früher stürmten sie exklusive Operettentheater und warteten auf Novitäten und Skandale ihrer Stars. Showbusiness war angesagt, Glamour und Glitter, Groteske und viel Sex bestimmten die Inszenierungen, die niemals verstaubt, sondern in den 1860er Jahren beißend satirisch, slapstickhaft überdreht und frech waren - und es bis 1933 bzw. 1938 im deutschen Sprachraum blieben. Ihre Akteure wurden zu Superstars und gesuchten Werbeträgern für Produkte von Zigaretten bis
Luxusautos. Operette "Made in Vienna" machte
auch am Broadway Furore und war ein einzigartiger Exportartikel österreichischer Kultur.
Von den skandalösen Anfängen im Demimonde-Milieu von Paris 1850 über die große Wiener Zeit der Suppé-, Strauß- und Millökker-Operette bis zu den Roaring Twenties an der Donau und in Berlin und der gravierenden Zäsur durch die Nationalsozialisten stellt dieser Text-Bildband erstmals die Welt der deutschsprachigen Operette im internationalen Kontext dar. Folgen Sie den Autoren auf eine Reise vom Wien des Johann Strauß bis in die Welt von Franz Lehárs "Lustiger Witwe" und Ralph Benatzkys jazzigem Evergreen "Im weißen Rössl". Stars wie Alexander Girardi, Richard Tauber, Zarah Leander, Peter Alexander, Harald Serafin und Max Raabe begleiten Sie.
</marc:subfield>
   </marc:datafield>
   <marc:datafield ind1=" " ind2=" " tag="020">
      <marc:subfield code="a">9783850335812</marc:subfield>
      <marc:subfield code="9">9783850335812</marc:subfield>
   </marc:datafield>
   <marc:datafield ind1=" " ind2=" " tag="020">
      <marc:subfield code="a">385033581X</marc:subfield>
      <marc:subfield code="9">385033581X</marc:subfield>
   </marc:datafield>
   <marc:datafield ind1=" " ind2=" " tag="041">
      <marc:subfield code="a">ger</marc:subfield>
   </marc:datafield>
   <marc:datafield ind1=" " ind2=" " tag="300">
      <marc:subfield code="a">293 S.</marc:subfield>
   </marc:datafield>
</marc:record>
